000 00320nam a22001217a 4500
999 _c64746
_d64743
082 _a۲۹۷.۱۶ م ا ء
100 _a سید ابوالاعلی مودودی
245 _aتفھیر القران
250 _aجلد اول
260 _aلاھور
_bترجمان قران
_c۱۹۸۲
300 _a۶۶۴
942 _cBK